• 首页
  • 本馆介绍
  • 公告通知
  • 最新文献
  • 馆藏检索
  • 电子资源
  • 读者导购
  • 参考咨询
  • 我的图书馆
  • 登录
  • 详细信息显示
  • 放入我的书架
  • 预约/预借图书
  • 作者相关作品
  • 分类相关作品
  • 丛书相关作品
  • 出版社相关作品

书目信息

  • 表格格式
  • 工作单格式
  • 卡片格式
题名:
怪诞行为学
    
 
作者: 艾瑞里 著 ;赵德亮 译
分册: 2   非理性的积极力量
出版信息: 北京   中信出版社  2010.09
页数: 28,246页
开本: 23cm
丛书名:
单 册:
中图分类: F069.9
科图分类:
主题词: 行为经济学--通俗读物 , 行为经济学
电子资源:
ISBN: 978-7-5086-2254-5
000 01152nam0 2200277 450
001 010700096385
005 20140611154013.12
010    @a978-7-5086-2254-5@dCNY42.00
100    @a20101011d2010 em y0chiy0110 ea
101 1  @achi@ceng
102    @aCN@b110000
105    @aa z 000yy
106    @ar
200 1  @a怪诞行为学@9guai dan xing wei xue@dUpside of irrationality@h2@i非理性的积极力量@f(美)丹·艾瑞里(Dan Ariely)著@g赵德亮译@zeng
210    @a北京@c中信出版社@d2010.09
215    @a28,246页@c图@d23cm
312    @a封面英文分辑题名:The unexpected benefits of defying logic at work and at home
330    @a本书分为两部分共十一章,内容包括:金钱的诱惑:为什么巨额奖金带不来高业绩、工作的意义:从乐高游戏中,我们可以学到些什么、宜家效应:为什么我们会高估自己的劳动成果等。
510 1  @aUpside of irrationality@iThe unexpected benefits of defying logic at work and at home@zeng
606 0  @a行为经济学@j通俗读物
606 0  @a行为经济学
690    @aF069.9@v4
701  0 @c(美)@a艾瑞里@9ai rui li@c(Ariely, Dan)@4著
702  0 @a赵德亮@9zhao de liang@4译
801  0 @aCN@bRENTIAN@c20101011
905    @b549243-45@dF069.9@e111:2@f3
    
    怪诞行为学=Upside of irrationality.2.非理性的积极力量/(美)丹·艾瑞里(Dan Ariely)著/赵德亮译.-北京:中信出版社,2010.09
    28,246页:图;23cm
    
    
    ISBN 978-7-5086-2254-5:CNY42.00
    本书分为两部分共十一章,内容包括:金钱的诱惑:为什么巨额奖金带不来高业绩、工作的意义:从乐高游戏中,我们可以学到些什么、宜家效应:为什么我们会高估自己的劳动成果等。
●
相关链接 在E读中查询图书 在五车中查询图书 在当当中查询图书 在豆瓣中查询图书


正题名:怪诞行为学     索取号:F069.9/111:2         预约/预借

序号 登录号 条形码 馆藏地/架位号 状态 备注
1 549243   205492439   第一样本阅览室/ [索取号:F069.9/111:2] 在馆    
2 549244   205492448   第一借阅区/ [索取号:F069.9/111:2] 在馆    
3 549245   205492457   第一借阅区/ [索取号:F069.9/111:2] 在馆    
唐山师范学院图书馆 欢迎您!
大连网信软件有限公司© 版权所有